American Commercial Jingles - Statistics

General Stats
  • This quiz has been taken 7,861 times
  • The average score is 12 of 18
Answer Stats
Jingle Brand % Correct
Five. Five-dollar. Five-dollar footlong Subway
96%
Break me off a piece of that ___ ___ bar Kit Kat
91%
Ba da ba ba ba – I'm lovin' it McDonald's
89%
Like a good neighbor, _____ ____ is there State Farm
88%
I'd love to be an _____ _____ wiener Oscar Mayer
84%
The best part of waking up, is _______ in your cup Folgers
80%
What would you do-oo-oo for a ________ bar Klondike
79%
I don't want to grow up, I'm a ____ _ __ kid Toys "R" Us
67%
Meow meow meow meow Meow Mix
66%
I want my baby back, baby baby, baby back ribs Chili's
62%
Double your pleasure Doublemint Gum
62%
We are _______. Bum ba dum bum bum bum bum. Farmers
57%
__________ is on your side Nationwide
57%
____-_-____ the San Francisco treat Rice-a-Roni
57%
Like a rock Chevy
47%
I'd like to teach the world to sing Coca-Cola
46%
Fresh goes better with ______, fresh and full of life Mentos
27%
Here comes the king Budweiser
14%
No matching quizzes found
Score Distribution
Percent of People with Each Score
Percentile by Number Answered
Your Score History
You have not taken this quiz